000 004250000a22001690004500
003 MACL
005 20160107130307.0
008 160107b xxu||||| |||| 00| 0 eng d
040 _aMACL
_cMACL
041 _aEnglish
082 _a900/CHA
100 _aChar, S V Desika
_929199
245 _aCentralised Legislation
260 _bAsia Publishing House
_c1963
_aBombay
650 _aHistory
_929200
942 _cBK
_k900/Chr
_2ddc
999 _c36012
_d36012